Itte : historia bribris /
Guardat en:
| Autor principal: | |
|---|---|
| Format: | Desconegut |
| Idioma: | Spanish |
| Publicat: |
San José, Costa Rica :
Editorial de la Universidad de Costa Rica,
1993.
|
| Matèries: | |
| Etiquetes: |
Afegir etiqueta
Sense etiquetes, Sigues el primer a etiquetar aquest registre!
|
MARC
| LEADER | 000000000a22000000004500 | ||
|---|---|---|---|
| 001 | 003265 | ||
| 020 | |a 9977672105 | ||
| 041 | 0 | |a spa | |
| 082 | 0 | 4 | |a 897 |b I91i |
| 100 | 1 | |a Jara Murillo, Carla Victoria | |
| 245 | 1 | 0 | |a Itte : |b historia bribris / |c Carla Victoria Jara Murillo. |
| 260 | 1 | |a San José, Costa Rica : |b Editorial de la Universidad de Costa Rica, |c 1993. | |
| 300 | |a 230 páginas | ||
| 650 | 4 | |a LENGUA BRIBRI | |
| 650 | 4 | |a BRIBRIS | |
| 650 | 4 | |a INDIGENAS COSTARRICENSES | |
| 999 | |c 9528 |d 9528 | ||
| 942 | |c BK |h 897 I91i |2 z | ||



